[Event "Royal City Masters"]
[Site "Guelph CAN"]
[Date "2025.08.02"]
[Round "3.8"]
[White "Terry, Joshua"]
[Black "Fedorowicz, John"]
[Result "0-1"]
[WhiteElo "2155"]
[BlackElo "2321"]
[WhiteFideId "-1"]
[WhiteFideId "-1"]
[PlyCount "86"]
[GameId "2208275361012295"]
[EventDate "2025.08.01"]
[EventType "swiss"]
[EventRounds "9"]
[EventCountry "CAN"]

1. d4 Nf6 2. c4 e6 3. g3 Bb4+ 4. Nd2 O-O 5. a3 Bxd2+ 6. Bxd2 d6 7. Bg2 a5 8. Nf3 a4 9. O-O b6 10. Ne1 Ra7 11. Nd3 c5 12. d5 exd5 13. cxd5 Bf5 14. Bg5 h6 15. Bxf6 Qxf6 16. e4 Bh7 17. Qd2 Re8 18. f3 Qd4+ 19. Rf2 f5 20. Nf4 Qxd2 21. Rxd2 fxe4 22. Re1 g5 23. Nh5 Rf7 24. fxe4 Bg6 25. g4 Bxh5 26. gxh5 Nd7 27. Bh3 Ne5 28. Bg2 Rf4 29. Rf1 Rxf1+ 30. Kxf1 Rf8+ 31. Rf2 Nd3 32. Rxf8+ Kxf8 33. Bf3 Nxb2 34. Be2 c4 35. Kf2 b5 36. Ke3 b4 37. Kd2 bxa3 38. Kc2 Ke7 39. Kb1 c3 40. e5 dxe5 41. Bf3 Kd6 42. h3 Nc4 43. Bg2 e4 0-1

[Event "Royal City Masters"]
[Site "Guelph CAN"]
[Date "2025.08.02"]
[Round "3.9"]
[White "Woltery, Nicolai"]
[Black "Jaferian, Koosha"]
[Result "1/2-1/2"]
[WhiteElo "2084"]
[BlackElo "2285"]
[WhiteFideId "-1"]
[WhiteFideId "-1"]
[PlyCount "70"]
[GameId "2208333546621519"]
[EventDate "2025.08.01"]
[EventType "swiss"]
[EventRounds "9"]
[EventCountry "CAN"]

1. c4 c5 2. Nc3 Nc6 3. g3 g6 4. Bg2 Bg7 5. Nf3 d6 6. O-O Rb8 7. d3 a6 8. a4 e6 9. Bf4 Nge7 10. Ne1 b6 11. Ne4 e5 12. Bg5 h6 13. Bf6 O-O 14. Nc2 Bxf6 15. Nxf6+ Kg7 16. Nd5 Nxd5 17. Bxd5 Ne7 18. Bg2 b5 19. axb5 axb5 20. b3 Bb7 21. Ra7 Bxg2 22. Kxg2 Nc6 23. Ra6 Qc8 24. Qa1 Qb7 25. Kg1 h5 26. e3 bxc4 27. bxc4 Ra8 28. Rxa8 Rxa8 29. Qb1 Qd7 30. h4 Rb8 31. Qd1 Rb2 32. Ne1 Qa7 33. Nf3 Qa2 34. Ng5 Qa7 35. Qf3 Rb6 1/2-1/2

[Event "Royal City Masters"]
[Site "Guelph CAN"]
[Date "2025.08.02"]
[Round "3.11"]
[White "Xu, Leon"]
[Black "Kaufman, Raymond"]
[Result "0-1"]
[WhiteElo "2046"]
[BlackElo "2239"]
[WhiteFideId "-1"]
[WhiteFideId "-1"]
[PlyCount "156"]
[GameId "2208335970015839"]
[EventDate "2025.08.01"]
[EventType "swiss"]
[EventRounds "9"]
[EventCountry "CAN"]

1. e4 c5 2. Nf3 d6 3. d4 cxd4 4. Nxd4 Nf6 5. Nc3 Nc6 6. f3 e5 7. Nb3 Be7 8. Be3 Be6 9. Qd2 O-O 10. O-O-O a5 11. Bb5 Qb8 12. Qf2 Nb4 13. a3 Rc8 14. Kb1 d5 15. axb4 d4 16. Nd5 Bxd5 17. exd5 axb4 18. Bxd4 exd4 19. Qxd4 Qc7 20. Rd2 Rd8 21. Re1 Rxd5 22. Qc4 Re5 23. Rde2 Rxe2 24. Qxe2 Bf8 25. g4 g6 26. Qe5 Qb6 27. g5 Nh5 28. Bc4 Rd8 29. h4 Qf2 30. Rh1 Qxf3 31. Qe1 Qf4 32. Na5 Ng3 33. Rg1 Nf5 34. Bb3 Ra8 35. Nc4 Bg7 36. Nb6 Qd4 37. Na4 b5 38. c3 bxc3 39. Nxc3 b4 40. Na4 Ne3 41. Qf2 Qd3+ 42. Ka2 Nf5 43. Qg2 Qa6 44. Qd5 Qa7 45. h5 Kh8 46. hxg6 fxg6 47. Rh1 Rf8 48. Qg2 Bd4 49. Qf3 Qg7 50. Qd3 Ra8 51. Qe4 Rd8 52. Qe6 Ne3 53. Qe4 Rf8 54. Qd3 Rf2 55. Qe4 Rf8 56. Qd3 Nf5 57. Rd1 Be3 58. Qe4 Qe7 59. Qg4 Bxg5 60. Rh1 h5 61. Qg2 Nd4 62. Bc4 Qa7 63. b3 Rf5 64. Qe4 Rf2+ 65. Kb1 Nf3 66. Qe8+ Kg7 67. Qg8+ Kh6 68. Qh8+ Qh7 69. Qxh7+ Kxh7 70. Bd3 Nd2+ 71. Kc2 Nc4+ 72. Kd1 Rd2+ 73. Ke1 Rxd3 74. bxc4 Ra3 75. Nb2 Ra1+ 76. Nd1 b3 77. Rh2 Bf6 78. Kd2 Ra2+ 0-1

[Event "Royal City Masters"]
[Site "Guelph CAN"]
[Date "2025.08.02"]
[Round "3.12"]
[White "Moses, Neil"]
[Black "Wang, Bingfei"]
[Result "1-0"]
[WhiteElo "2234"]
[BlackElo "1942"]
[WhiteFideId "-1"]
[WhiteFideId "-1"]
[PlyCount "129"]
[GameId "2208343247780461"]
[EventDate "2025.08.01"]
[EventType "swiss"]
[EventRounds "9"]
[EventCountry "CAN"]

1. e4 e6 2. d4 d5 3. Nc3 dxe4 4. Nxe4 Nd7 5. Qf3 Ngf6 6. Bg5 Be7 7. O-O-O Nxe4 8. Bxe7 Qxe7 9. Qxe4 Nf6 10. Qh4 b6 11. Bb5+ Bd7 12. Bxd7+ Nxd7 13. Qg3 O-O 14. Nf3 Nf6 15. Rhe1 Rfd8 16. Ne5 Qd6 17. Qf3 Qd5 18. Qxd5 Rxd5 19. c4 Rd6 20. f4 Rad8 21. Nf3 Kf8 22. g3 h6 23. Kc2 Ng8 24. Rd2 Ne7 25. Kc3 Nf5 26. b4 g6 27. a4 a6 28. Ree2 h5 29. b5 axb5 30. axb5 Ra8 31. Ra2 Rdd8 32. Red2 f6 33. Ra6 Rxa6 34. bxa6 Ra8 35. Ra2 Ra7 36. Kb4 Ke8 37. c5 Ne7 38. Kb5 Nd5 39. Ra3 Kd7 40. c6+ Kd6 41. Nd2 f5 42. Nc4+ Ke7 43. Ne5 Kf6 44. h4 Kg7 45. Nc4 Kf6 46. Ne3 Ne7 47. Rd3 Nc8 48. Nc4 Ne7 49. Ra3 Nd5 50. Ne3 Ne7 51. Nc2 Nd5 52. Nb4 Nxb4 53. Kxb4 Ke7 54. Kb5 Kd6 55. Re3 Ra8 56. Re5 Rd8 57. a7 Ra8 58. Ka6 Kxc6 59. Rxe6+ Kd5 60. Re5+ Kxd4 61. Kb7 Rxa7+ 62. Kxa7 c5 63. Kxb6 c4 64. Kc6 c3 65. Kd6 1-0

[Event "Royal City Masters"]
[Site "Guelph CAN"]
[Date "2025.08.02"]
[Round "3.13"]
[White "Saine, Zachary"]
[Black "Ling, Chenxuan"]
[Result "0-1"]
[WhiteElo "2024"]
[BlackElo "2222"]
[WhiteFideId "-1"]
[WhiteFideId "-1"]
[PlyCount "114"]
[GameId "2208366432468241"]
[EventDate "2025.08.01"]
[EventType "swiss"]
[EventRounds "9"]
[EventCountry "CAN"]

1. e4 e6 2. d4 d5 3. Nc3 Bb4 4. e5 c5 5. a3 Bxc3+ 6. bxc3 Qa5 7. Bd2 Qa4 8. Qg4 Kf8 9. Nf3 Nc6 10. Be2 Nge7 11. O-O Qxc2 12. Rac1 Qe4 13. Qxe4 dxe4 14. Ng5 cxd4 15. cxd4 Nxd4 16. Bd1 Ndc6 17. Bc3 Nd5 18. Bb2 Bd7 19. Nxe4 Nce7 20. Nd6 Bc6 21. Bf3 g6 22. Bd4 Kg7 23. Rb1 b6 24. Rfc1 Bd7 25. Be4 Rad8 26. h4 h6 27. h5 Rhf8 28. g4 g5 29. Kf1 Kg8 30. Bc2 Nf4 31. a4 Bc6 32. Bd1 Bg2+ 33. Kg1 Bc6 34. Kf1 Rd7 35. a5 bxa5 36. Ra1 Bg2+ 37. Kg1 Bd5 38. Be3 Nd3 39. Ba4 Nxc1 40. Bxd7 Nd3 41. Bd4 Nb4 42. Be3 Bc6 43. Bxc6 Nexc6 44. Nc4 Nc2 45. Ra2 Nxe3 46. fxe3 Rb8 47. Rc2 a4 48. Kf2 a3 49. Ra2 Rb4 50. Nxa3 Ra4 51. Rc2 Nxe5 52. Nb5 Nxg4+ 53. Kf3 Ne5+ 54. Kg3 Rg4+ 55. Kh3 Rb4 56. Nxa7 Rb3 57. Re2 Nc4 0-1

[Event "Royal City Masters"]
[Site "Guelph CAN"]
[Date "2025.08.02"]
[Round "3.14"]
[White "Vettese, Nicholas"]
[Black "Wang, Nathan"]
[Result "1-0"]
[WhiteElo "2352"]
[BlackElo "1993"]
[WhiteFideId "-1"]
[WhiteFideId "-1"]
[PlyCount "81"]
[GameId "2208368765492505"]
[EventDate "2025.08.01"]
[EventType "swiss"]
[EventRounds "9"]
[EventCountry "CAN"]

1. e4 c5 2. Nf3 Nc6 3. d4 cxd4 4. Nxd4 Nf6 5. Nc3 e5 6. Ndb5 d6 7. Bg5 a6 8. Na3 b5 9. Nd5 Be7 10. Bxf6 Bxf6 11. c3 Bg5 12. Nc2 Rb8 13. g3 O-O 14. h4 Bh6 15. Bh3 Be6 16. Qd3 Qd7 17. Bf5 Rfe8 18. Rd1 Bxf5 19. exf5 e4 20. Qe2 Qxf5 21. g4 Qf3 22. Qxf3 exf3+ 23. Kf1 Re2 24. Ne1 g6 25. Nxf3 Rxb2 26. Nf6+ Kh8 27. Rxd6 Rc8 28. g5 Bf8 29. Rd7 Be7 30. Kg2 Kg7 31. h5 h6 32. Nd5 Rd8 33. gxh6+ Kh8 34. hxg6 fxg6 35. Rxe7 Nxe7 36. Nxe7 Rd6 37. h7 Re2 38. Ng8 Rd5 39. Rh6 Rxa2 40. Ne7 Rd6 41. Ne5 1-0

[Event "Royal City Masters"]
[Site "Guelph CAN"]
[Date "2025.08.02"]
[Round "3.15"]
[White "Plotkin, Victor"]
[Black "Ren, Jesse"]
[Result "1/2-1/2"]
[WhiteElo "2282"]
[BlackElo "2114"]
[WhiteFideId "-1"]
[WhiteFideId "-1"]
[PlyCount "132"]
[GameId "2208371235835169"]
[EventDate "2025.08.01"]
[EventType "swiss"]
[EventRounds "9"]
[EventCountry "CAN"]

1. c4 Nf6 2. Nc3 b6 3. e4 Bb7 4. e5 Ne4 5. Nxe4 Bxe4 6. d3 Bb7 7. Nf3 e6 8. Be2 Bb4+ 9. Bd2 Bxd2+ 10. Qxd2 d5 11. exd6 cxd6 12. O-O O-O 13. d4 Nd7 14. Rac1 Qe7 15. Qe3 Rfc8 16. Bd3 Nf6 17. d5 e5 18. Nd2 b5 19. b3 bxc4 20. bxc4 Re8 21. Rfe1 Nh5 22. g3 g6 23. Qh6 Rf8 24. g4 Nf6 25. h3 Kh8 26. Qe3 Nd7 27. f4 f5 28. g5 Qg7 29. Bf1 Rfe8 30. Bg2 Ba6 31. Kh1 Nc5 32. Nb3 Rac8 33. Nd4 e4 34. Bf1 Qd7 35. Nb3 Kg8 36. h4 Nd3 37. Bxd3 exd3 38. Qxd3 Rxe1+ 39. Rxe1 Bxc4 40. Qd4 Qb7 41. Kh2 Qxd5 42. Qxd5+ Bxd5 43. Rd1 Rc2+ 44. Kg1 Bxb3 45. axb3 Rc6 46. Kf2 Kf7 47. Ra1 a6 48. Ke3 Rb6 49. Kd4 Ke6 50. Kc4 Kd7 51. b4 Kc6 52. Re1 d5+ 53. Kc3 Kd6 54. Ra1 Rc6+ 55. Kd3 Kc7 56. Kd4 Rc4+ 57. Kxd5 Rxf4 58. Rxa6 Kb7 59. b5 Rxh4 60. Rf6 Rh2 61. Kc5 Rc2+ 62. Kb4 Rb2+ 63. Kc5 Rc2+ 64. Kb4 Rc7 65. Ka5 Rd7 66. Rf8 Re7 1/2-1/2

[Event "Royal City Masters"]
[Site "Guelph CAN"]
[Date "2025.08.02"]
[Round "3.16"]
[White "Marchand, Calix"]
[Black "Cummings, David"]
[Result "1-0"]
[WhiteElo "2160"]
[BlackElo "2252"]
[WhiteFideId "-1"]
[WhiteFideId "-1"]
[PlyCount "65"]
[GameId "2208374788193580"]
[EventDate "2025.08.01"]
[EventType "swiss"]
[EventRounds "9"]
[EventCountry "CAN"]

1. e4 e5 2. Nc3 Nf6 3. g3 d5 4. exd5 Nxd5 5. Bg2 Nxc3 6. bxc3 Bd6 7. Nf3 O-O 8. O-O h6 9. Re1 Nc6 10. Rb1 Rb8 11. d3 Be6 12. c4 Qd7 13. Bb2 Bg4 14. h3 Bxh3 15. Nxe5 Nxe5 16. Bxh3 Qxh3 17. Bxe5 Qd7 18. Qf3 Bxe5 19. Rxe5 c6 20. Qe3 Rfe8 21. Rxb7 Qxb7 22. Rxe8+ Rxe8 23. Qxe8+ Kh7 24. Qe4+ g6 25. d4 Qb1+ 26. Kg2 Qxa2 27. d5 cxd5 28. cxd5 Qa3 29. Qd4 Qd6 30. c4 a5 31. c5 Qd8 32. d6 Qd7 33. Qd5 1-0

[Event "Royal City Masters"]
[Site "Guelph CAN"]
[Date "2025.08.02"]
[Round "3.17"]
[White "Polacek, Jozef"]
[Black "Yang, Larry"]
[Result "0-1"]
[WhiteElo "2240"]
[BlackElo "2108"]
[WhiteFideId "-1"]
[WhiteFideId "-1"]
[PlyCount "50"]
[GameId "2208545609145652"]
[EventDate "2025.08.01"]
[EventType "swiss"]
[EventRounds "9"]
[EventCountry "CAN"]

1. e4 c5 2. Nf3 Nc6 3. c3 Nf6 4. e5 Nd5 5. d4 cxd4 6. Bc4 Nb6 7. Bb3 d5 8. exd6 Qxd6 9. Nxd4 Nxd4 10. cxd4 Be6 11. Nc3 Bxb3 12. Qxb3 e6 13. O-O Be7 14. Nb5 Qd8 15. Bf4 Nd5 16. Be5 O-O 17. Rac1 Bf6 18. Nc3 Nb6 19. a4 Rc8 20. Rfe1 h6 21. a5 Bxe5 22. dxe5 Nc4 23. Qxb7 Qxa5 24. b4 Qa3 25. Ne4 Nd6 0-1

[Event "Royal City Masters"]
[Site "Guelph CAN"]
[Date "2025.08.02"]
[Round "3.18"]
[White "Kot, Emanuel"]
[Black "Gao, Heye"]
[Result "1-0"]
[WhiteElo "2166"]
[BlackElo "2068"]
[WhiteFideId "-1"]
[WhiteFideId "-1"]
[PlyCount "55"]
[GameId "2208546993048998"]
[EventDate "2025.08.01"]
[EventType "swiss"]
[EventRounds "9"]
[EventCountry "CAN"]

1. e4 e5 2. Nf3 Nc6 3. Bb5 a6 4. Ba4 Nf6 5. O-O Be7 6. Re1 b5 7. Bb3 d6 8. a4 Bd7 9. c3 O-O 10. d4 h6 11. Nbd2 exd4 12. Nxd4 Ne5 13. Nf5 Nd3 14. Nxe7+ Qxe7 15. Re2 c5 16. Nf1 c4 17. Bc2 Nxc1 18. Qxc1 Rfe8 19. Ng3 d5 20. Qf4 dxe4 21. Nxe4 Nd5 22. Qd2 Bc6 23. Rae1 Rad8 24. axb5 Nb4 25. Nd6 Qf8 26. Rxe8 Bxe8 27. cxb4 Rxd6 28. Qxd6 1-0

[Event "Royal City Masters"]
[Site "Guelph CAN"]
[Date "2025.08.03"]
[Round "4.1"]
[White "Panjwani, Raja"]
[Black "Kantans, Toms"]
[Result "1/2-1/2"]
[WhiteElo "2423"]
[BlackElo "2515"]
[WhiteFideId "-1"]
[WhiteFideId "-1"]
[PlyCount "98"]
[GameId "2202821062881280"]
[EventDate "2025.08.01"]
[EventType "swiss"]
[EventRounds "9"]
[EventCountry "CAN"]

1. d4 Nf6 2. c4 g6 3. g3 Bg7 4. Bg2 c5 5. dxc5 Qa5+ 6. Nc3 Nc6 7. Bd2 Qxc5 8. Rc1 Ne5 9. b4 Qb6 10. c5 Qd8 11. Nf3 Nfg4 12. Nd5 O-O 13. Nxe5 Nxe5 14. Bc3 d6 15. f4 Ng4 16. Bxg7 Kxg7 17. h3 Nf6 18. Nxf6 exf6 19. Qxd6 Qxd6 20. cxd6 Rd8 21. Rd1 a5 22. b5 a4 23. Kf2 Ra5 24. Rd4 Rxb5 25. Rhd1 Be6 26. Rxa4 Rb6 27. g4 Rd7 28. Rd2 f5 29. gxf5 gxf5 30. a3 Rb3 31. Rb4 Rxa3 32. Rxb7 Ra6 33. Rxd7 Bxd7 34. Kg3 Kf6 35. Rd3 Rb6 36. e4 fxe4 37. Bxe4 h6 38. Bf3 Ke6 39. Kh4 Rb4 40. Kh5 Rxf4 41. Kxh6 Ke5 42. Kg7 Rh4 43. Kxf7 Rxh3 44. Ke7 Rh7+ 45. Kd8 Bf5 46. Rd5+ Kf6 47. d7 Rxd7+ 48. Rxd7 Bxd7 49. Kxd7 Ke5 1/2-1/2

[Event "Royal City Masters"]
[Site "Guelph CAN"]
[Date "2025.08.03"]
[Round "4.3"]
[White "Liang, Jason"]
[Black "Preotu, Razvan"]
[Result "1/2-1/2"]
[WhiteElo "2409"]
[BlackElo "2478"]
[WhiteFideId "-1"]
[WhiteFideId "-1"]
[PlyCount "45"]
[GameId "2206774337036288"]
[EventDate "2025.08.01"]
[EventType "swiss"]
[EventRounds "9"]
[EventCountry "CAN"]

1. e4 c5 2. Nf3 d6 3. Bb5+ Nd7 4. a4 Ngf6 5. Nc3 a6 6. Be2 b6 7. d4 cxd4 8. Qxd4 e5 9. Qe3 Bb7 10. O-O Be7 11. Nd2 O-O 12. Rd1 Qc7 13. Nc4 Rad8 14. b4 Bxe4 15. Nxe4 Nxe4 16. Qxe4 d5 17. Qxd5 Nf6 18. Qxe5 Rxd1+ 19. Bxd1 Qxc4 20. Be2 Qxc2 21. Qb2 Qxb2 22. Bxb2 Bxb4 23. Bxa6 1/2-1/2

[Event "Royal City Masters"]
[Site "Guelph CAN"]
[Date "2025.08.03"]
[Round "4.4"]
[White "Atanasov, Anthony"]
[Black "Noritsyn, Nikolay"]
[Result "1/2-1/2"]
[WhiteElo "2411"]
[BlackElo "2462"]
[WhiteFideId "-1"]
[WhiteFideId "-1"]
[PlyCount "64"]
[GameId "2206774337036288"]
[EventDate "2025.08.01"]
[EventType "swiss"]
[EventRounds "9"]
[EventCountry "CAN"]

1. d4 Nf6 2. Bf4 g6 3. c3 b6 4. h3 Bg7 5. e3 Bb7 6. Nf3 d6 7. Be2 Nbd7 8. a4 a6 9. Bh2 O-O 10. O-O c5 11. Re1 Ra7 12. Na3 Qa8 13. Rc1 Rc8 14. c4 cxd4 15. exd4 Bh6 16. Rc3 Ne4 17. Rc2 e6 18. Bd3 Ndf6 19. Qe2 Ng5 20. Nxg5 Bxg5 21. Qf1 d5 22. b3 Bh6 23. Bd6 dxc4 24. bxc4 Bc6 25. Rb2 Nd7 26. c5 bxc5 27. dxc5 Bd5 28. Nc4 Bxc4 29. Bxc4 Nxc5 30. Reb1 Nd7 31. Be2 Qc6 32. Qd1 Bf8 1/2-1/2

[Event "Royal City Masters"]
[Site "Guelph CAN"]
[Date "2025.08.03"]
[Round "4.5"]
[White "Han, Johnathan"]
[Black "Perez Rodriguez, Luis Manuel"]
[Result "1/2-1/2"]
[WhiteElo "2402"]
[BlackElo "2318"]
[WhiteFideId "-1"]
[WhiteFideId "-1"]
[PlyCount "69"]
[GameId "2206774337036288"]
[EventDate "2025.08.01"]
[EventType "swiss"]
[EventRounds "9"]
[EventCountry "CAN"]

1. e4 e5 2. Nf3 Nc6 3. Bc4 Nf6 4. d3 Be7 5. O-O O-O 6. Re1 d6 7. a4 Na5 8. Ba2 c5 9. c3 Nc6 10. Na3 Be6 11. Nc4 h6 12. Bd2 Re8 13. Qb1 Bf8 14. b4 b6 15. Ne3 Bxa2 16. Qxa2 Qd7 17. b5 Ne7 18. c4 Ng4 19. a5 Nxe3 20. Bxe3 Qb7 21. Nd2 a6 22. Qb3 Reb8 23. Reb1 axb5 24. Qxb5 Nc6 25. a6 Qc8 26. Nf1 Ra7 27. Ra4 Rba8 28. Rba1 Nb4 29. Bd2 Rxa6 30. Bxb4 Rxa4 31. Rxa4 cxb4 32. Rxa8 Qxa8 33. Qxb4 d5 34. Qxb6 dxc4 35. dxc4 1/2-1/2

[Event "Royal City Masters"]
[Site "Guelph CAN"]
[Date "2025.08.03"]
[Round "4.6"]
[White "Sai, Krishna GV"]
[Black "Moses, Neil"]
[Result "1-0"]
[WhiteElo "2390"]
[BlackElo "2234"]
[WhiteFideId "-1"]
[WhiteFideId "-1"]
[PlyCount "52"]
[GameId "2208610443733666"]
[EventDate "2025.08.01"]
[EventType "swiss"]
[EventRounds "9"]
[EventCountry "CAN"]

1. e4 c5 2. Nf3 e6 3. d4 cxd4 4. Nxd4 a6 5. a3 Qc7 6. c4 Nf6 7. Nc3 b6 8. Qe2 d6 9. g4 g6 10. Bg2 Bb7 11. Be3 Bg7 12. f4 O-O 13. Rc1 Rc8 14. g5 Nh5 15. O-O Nxf4 16. Rxf4 e5 17. Nd5 Bxd5 18. cxd5 Qd7 19. Nc6 exf4 20. Ne7+ Qxe7 21. Rxc8+ Bf8 22. Bxf4 b5 23. Bh3 Qa7+ 24. Qf2 Qxf2+ 25. Kxf2 Kg7 26. e5 b4 1-0

[Event "Royal City Masters"]
[Site "Guelph CAN"]
[Date "2025.08.03"]
[Round "4.7"]
[White "Kaufman, Raymond"]
[Black "Plotkin, Mark"]
[Result "0-1"]
[WhiteElo "2239"]
[BlackElo "2361"]
[WhiteFideId "-1"]
[WhiteFideId "-1"]
[PlyCount "46"]
[GameId "2208620569516717"]
[EventDate "2025.08.01"]
[EventType "swiss"]
[EventRounds "9"]
[EventCountry "CAN"]

1. e4 g6 2. d4 Bg7 3. Nf3 d6 4. Be3 a6 5. c4 Nh6 6. Qd2 Ng4 7. Bg5 h6 8. Bh4 c5 9. Nc3 cxd4 10. Nxd4 Bxd4 11. Qxd4 e5 12. Bxd8 exd4 13. Nd5 Kxd8 14. h3 Ne5 15. O-O-O Nec6 16. f4 Be6 17. Be2 Nd7 18. Rhe1 Nc5 19. Bf3 f5 20. e5 dxe5 21. fxe5 Re8 22. b4 Bxd5 23. cxd5 Nxb4 0-1

[Event "Royal City Masters"]
[Site "Guelph CAN"]
[Date "2025.08.03"]
[Round "4.8"]
[White "Fedorowicz, John"]
[Black "Chen, Yidong"]
[Result "1/2-1/2"]
[WhiteElo "2321"]
[BlackElo "2068"]
[WhiteFideId "-1"]
[WhiteFideId "-1"]
[PlyCount "25"]
[GameId "2208622128917173"]
[EventDate "2025.08.01"]
[EventType "swiss"]
[EventRounds "9"]
[EventCountry "CAN"]

1. d4 Nf6 2. c4 g6 3. Nf3 Bg7 4. g3 c5 5. d5 d6 6. Nc3 O-O 7. Bg2 e6 8. O-O exd5 9. cxd5 Re8 10. h3 a6 11. a4 Nbd7 12. Re1 Rb8 13. Bf4 1/2-1/2

[Event "Royal City Masters"]
[Site "Guelph CAN"]
[Date "2025.08.03"]
[Round "4.9"]
[White "Ling, Chenxuan"]
[Black "Woltery, Nicolai"]
[Result "1/2-1/2"]
[WhiteElo "2222"]
[BlackElo "2084"]
[WhiteFideId "-1"]
[WhiteFideId "-1"]
[PlyCount "73"]
[GameId "2208623286381430"]
[EventDate "2025.08.01"]
[EventType "swiss"]
[EventRounds "9"]
[EventCountry "CAN"]

1. d4 Nf6 2. Bg5 Ne4 3. Bf4 d5 4. f3 Nf6 5. e3 e6 6. Bd3 Bd6 7. Ne2 c5 8. c3 Nc6 9. Bxd6 Qxd6 10. f4 Ng4 11. Qc1 f5 12. h3 Nf6 13. Nd2 Bd7 14. Nf3 Ne4 15. Ne5 Nxe5 16. fxe5 Qe7 17. O-O O-O 18. Qe1 Rac8 19. Nf4 Be8 20. Kh2 g5 21. Ne2 Bh5 22. Ng3 Nxg3 23. Qxg3 Kh8 24. Rac1 c4 25. Bc2 Rg8 26. Bd1 Bxd1 27. Rcxd1 Rg7 28. Qe1 g4 29. g3 gxh3 30. Rg1 Rcg8 31. Qe2 Rg4 32. Rdf1 Qg5 33. Rf3 h5 34. Qf1 Re4 35. Qf2 Rg4 36. Rf4 Rxf4 37. gxf4 1/2-1/2

[Event "Royal City Masters"]
[Site "Guelph CAN"]
[Date "2025.08.08"]
[Round "4.10"]
[White "Vettese, Nicholas"]
[Black "Song, Edward"]
[Result "0-1"]
[WhiteElo "2352"]
[BlackElo "2395"]
[WhiteFideId "-1"]
[WhiteFideId "-1"]
[PlyCount "52"]
[GameId "2208627109436286"]
[EventDate "2025.08.01"]
[EventType "swiss"]
[EventRounds "9"]
[EventCountry "CAN"]

1. e4 c5 2. Nf3 e6 3. d4 cxd4 4. Nxd4 a6 5. h3 Nf6 6. Nc3 Qc7 7. g4 Bb4 8. Nde2 Nxe4 9. Qd4 Nxc3 10. Nxc3 Bxc3+ 11. bxc3 e5 12. Qd2 d5 13. Ba3 Be6 14. c4 Nc6 15. Bg2 O-O-O 16. cxd5 Bxd5 17. Bxd5 Nd4 18. c3 Nf3+ 19. Bxf3 Rxd2 20. Kxd2 Rd8+ 21. Kc2 Qa5 22. Rhd1 Rxd1 23. Rxd1 Qxa3 24. Bd5 Qa4+ 25. Bb3 Qe4+ 26. Rd3 Qg2 0-1

[Event "Royal City Masters"]
[Site "Guelph CAN"]
[Date "2025.08.03"]
[Round "4.11"]
[White "Jaferian, Koosha"]
[Black "Posthuma, Joshua"]
[Result "0-1"]
[WhiteElo "2285"]
[BlackElo "2380"]
[WhiteFideId "-1"]
[WhiteFideId "-1"]
[PlyCount "48"]
[GameId "2208628159613830"]
[EventDate "2025.08.01"]
[EventType "swiss"]
[EventRounds "9"]
[EventCountry "CAN"]

1. e4 c6 2. Nf3 d5 3. Nc3 dxe4 4. Nxe4 Nf6 5. Qe2 Na6 6. Nxf6+ gxf6 7. g3 Nb4 8. d3 Bg4 9. Bg2 Qd5 10. Kd1 e5 11. Bd2 O-O-O 12. h3 Be6 13. Nh4 Qd4 14. Bc3 Qb6 15. Bxb4 Bxb4 16. Kc1 f5 17. Rf1 e4 18. a3 exd3 19. cxd3 Be7 20. Nf3 Bf6 21. Rd1 Rhe8 22. Qd2 Rxd3 23. Qb4 Rxd1+ 24. Kxd1 Qxf2 0-1

[Event "Royal City Masters"]
[Site "Guelph CAN"]
[Date "2025.08.03"]
[Round "4.12"]
[White "Yang, Larry"]
[Black "Plotkin, Victor"]
[Result "1-0"]
[WhiteElo "2108"]
[BlackElo "2282"]
[WhiteFideId "-1"]
[WhiteFideId "-1"]
[PlyCount "79"]
[GameId "2208696485616599"]
[EventDate "2025.08.01"]
[EventType "swiss"]
[EventRounds "9"]
[EventCountry "CAN"]

1. e4 e5 2. Nf3 Nc6 3. Bc4 Be7 4. d4 exd4 5. Nxd4 d6 6. O-O Nf6 7. Bb5 Bd7 8. Bxc6 bxc6 9. Re1 O-O 10. c4 Re8 11. Nc3 Bf8 12. Bg5 h6 13. Bh4 c5 14. Nc2 g5 15. Bg3 Ng4 16. Ne3 Nxe3 17. Rxe3 Bg7 18. Qh5 Be6 19. Rd1 f5 20. exf5 Bxf5 21. Nd5 Rxe3 22. Nxe3 Be6 23. h4 Qe8 24. Qf3 Rb8 25. hxg5 hxg5 26. Nd5 Qf7 27. Qe3 Rxb2 28. Qxg5 Bxd5 29. Rxd5 Re2 30. Qd8+ Re8 31. Qh4 Qf6 32. Rg5 Re1+ 33. Kh2 Qa1 34. Kh3 Re6 35. Rh5 Qf6 36. Qg4 Qf7 37. Bh4 Re8 38. Rf5 Qe6 39. Bf6 Re7 40. Bxg7 1-0

[Event "Royal City Masters"]
[Site "Guelph CAN"]
[Date "2025.08.03"]
[Round "4.13"]
[White "Ren, Jesse"]
[Black "Kot, Emanuel"]
[Result "1-0"]
[WhiteElo "2114"]
[BlackElo "2166"]
[WhiteFideId "-1"]
[WhiteFideId "-1"]
[PlyCount "99"]
[GameId "2208701878864866"]
[EventDate "2025.08.01"]
[EventType "swiss"]
[EventRounds "9"]
[EventCountry "CAN"]

1. d4 Nf6 2. Nf3 d5 3. c4 e6 4. g3 Bb4+ 5. Bd2 Be7 6. Bg2 O-O 7. Qc2 c6 8. O-O Nbd7 9. b3 b6 10. Rd1 a5 11. Bc3 Ne4 12. Ne5 Nxe5 13. Bxe4 Ng6 14. Bg2 f5 15. Nd2 Bd7 16. Nf3 Bd6 17. Bd2 Qe7 18. Bg5 Qf7 19. e3 b5 20. Bf4 Nxf4 21. exf4 bxc4 22. bxc4 Rfb8 23. c5 Bc7 24. Rab1 Qe8 25. Bf1 Qd8 26. Ne5 Bxe5 27. fxe5 Be8 28. Rd3 Rxb1 29. Qxb1 a4 30. Rd2 Rb8 31. Rb2 Rxb2 32. Qxb2 Qa5 33. Kg2 Qe1 34. Be2 h5 35. Bf3 Bg6 36. Qb6 Kh7 37. Qxc6 h4 38. gxh4 f4 39. Qxa4 Bd3 40. Qd1 Qc3 41. c6 Be4 42. c7 Bf5 43. a4 Qxc7 44. Bxd5 Kh6 45. Qf3 Qc1 46. Be4 Bxe4 47. Qxe4 g6 48. a5 Kh5 49. a6 Kxh4 50. a7 1-0

[Event "Royal City Masters"]
[Site "Guelph CAN"]
[Date "2025.08.03"]
[Round "4.14"]
[White "Marchand, Calix"]
[Black "Xu, Leon"]
[Result "1-0"]
[WhiteElo "2160"]
[BlackElo "2046"]
[WhiteFideId "-1"]
[WhiteFideId "-1"]
[PlyCount "81"]
[GameId "2208719958654049"]
[EventDate "2025.08.01"]
[EventType "swiss"]
[EventRounds "9"]
[EventCountry "CAN"]

1. e4 e6 2. d4 d5 3. Nc3 Bb4 4. e5 c5 5. a3 Ba5 6. b4 cxd4 7. Nb5 Bc7 8. Nf3 Ne7 9. Nbxd4 Nbc6 10. Nxc6 bxc6 11. Bd3 a5 12. Be3 Ng6 13. Bxg6 hxg6 14. O-O Ba6 15. Re1 Bb6 16. Bxb6 Qxb6 17. Qd4 Qb5 18. Qf4 a4 19. Nd2 Qb6 20. Rac1 Qd8 21. g3 Rh5 22. c4 Qg5 23. Qd4 Qh6 24. h4 Rd8 25. Qb6 Qxd2 26. Qxa6 Rf5 27. Qxc6+ Rd7 28. Qc8+ Rd8 29. Qc6+ Rd7 30. f4 Qd4+ 31. Kg2 Qb2+ 32. Kh3 d4 33. b5 d3 34. Rb1 d2 35. Red1 Qd4 36. b6 Rxf4 37. b7 Rxh4+ 38. Kg2 Ke7 39. b8=Q Rh2+ 40. Kxh2 Qf2+ 41. Kh1 1-0